Minimal varieties in real and complex geometry /
Guardado en:
| Autor Principal: | |
|---|---|
| Autor Corporativo: | |
| Formato: | Libro |
| Idioma: | English |
| Publicado: |
Montréal :
Presses de l'Université de Montréal,
1974.
|
| Series: | Séminaire de mathématiques supérieures ;
Été 1973, 57 |
| Materias: | |
| Etiquetas: |
Agregar Etiqueta
Sin Etiquetas, Sea el primero en etiquetar este registro!
|
| LEADER | 00929cam a2200253 a 4500 | ||
|---|---|---|---|
| 001 | MAT.inmabb005870 | ||
| 008 | 741213s1974####quc######b####000#0#eng## | ||
| 005 | 20130327122938.0 | ||
| 245 | 1 | 0 | |a Minimal varieties in real and complex geometry / |c [by] H. Blaine Lawson. |
| 260 | |a Montréal : |b Presses de l'Université de Montréal, |c 1974. | ||
| 300 | |a 100 p. ; |c 28 cm. | ||
| 440 | 0 | |a Séminaire de mathématiques supérieures ; |v Été 1973, 57 | |
| 500 | |a Cabecera de portada: Département de mathématiques, Université de Montréal. | ||
| 504 | |a Bibliografía: p. [97]-100. | ||
| 510 | 4 | |a MR, |c 57 #13798 | |
| 020 | |a 0840502486 | ||
| 100 | 1 | |a Lawson, H. Blaine. | |
| 710 | 2 | |a Université de Montréal. |b Département de mathématiques. | |
| 650 | 0 | |a Minimal surfaces. | |
| 650 | 0 | |a Riemannian manifolds. | |
| 084 | |a 53C40 |2 msc2000 | ||
| 010 | |a 74193105 | ||
| 040 | |a DLC |c DLC |d DLC | ||
| 859 | |h 53 |i L425 |p A-4465 |b BIB. MATEMATICA | ||
